| Tag |
First Indicator |
Second Indicator |
Subfields |
| LEADER |
00000cas a2200000L 4500 |
| 001 |
in00000452829 |
| 005 |
20151012083149.0 |
| 008 |
760712c19319999gw uu 0uuub0ger u |
| 035 |
|
|
|a (OCoLC)02445350
|
| 035 |
|
|
|9 ABX9545AM
|
| 040 |
|
|
|c QPR
|d TXA
|d UtOrBLW
|
| 049 |
|
|
|a TXAE
|
| 090 |
|
|
|a TE221
|b .B5
|
| 245 |
0 |
0 |
|a Bitumen.
|
| 264 |
|
1 |
|a Hamburg.
|b [publisher not identified] ;
|
| 300 |
|
|
|a volumes :
|b illustrations
|
| 336 |
|
|
|a text
|b txt
|2 rdacontent
|
| 337 |
|
|
|a unmediated
|b n
|2 rdamedia
|
| 338 |
|
|
|a volume
|b nc
|2 rdacarrier
|
| 362 |
0 |
|
|a v. 1- Mar. 1931-
|
| 500 |
|
|
|a "Herausgegeben von der Arbeitsgemeinschaft der Bitumenindustrie."
|
| 650 |
|
0 |
|a Bituminous materials
|x Periodicals.
|
| 999 |
|
|
|a MARS
|
| 999 |
f |
f |
|s fdc3092f-9e8c-3dee-9f6c-ecccca5df072
|i 84a98ef0-5dcc-3a8a-912f-2f98d86d947d
|t 0
|
| 952 |
f |
f |
|p ric
|a Texas A&M University
|b Rellis Campus
|c Joint Library Facility
|d Remote Storage
|t 0
|e TE221 .B5
|h Library of Congress classification
|i unmediated -- volume
|k v.18
|l 1956
|m A14823924050
|
| 952 |
f |
f |
|p ric
|a Texas A&M University
|b Rellis Campus
|c Joint Library Facility
|d Remote Storage
|t 0
|e TE221 .B5
|h Library of Congress classification
|i unmediated -- volume
|k v.19 -v.20
|l 1957-1958
|m A14823923999
|
| 952 |
f |
f |
|p ric
|a Texas A&M University
|b Rellis Campus
|c Joint Library Facility
|d Remote Storage
|t 0
|e TE221 .B5
|h Library of Congress classification
|i unmediated -- volume
|k v.21 -v.22
|l 1959-1960
|m A14823923892
|
| 952 |
f |
f |
|p ric
|a Texas A&M University
|b Rellis Campus
|c Joint Library Facility
|d Remote Storage
|t 0
|e TE221 .B5
|h Library of Congress classification
|i unmediated -- volume
|k v.17
|l 1955
|m A14823924000
|
| 952 |
f |
f |
|p ric
|a Texas A&M University
|b Rellis Campus
|c Joint Library Facility
|d Remote Storage
|t 0
|e TE221 .B5
|h Library of Congress classification
|i unmediated -- volume
|k v.16:no.6
|l 1954
|m A14823923957
|
| 998 |
f |
f |
|a TE221 .B5
|s v.38:no.1 (1976)
|t 0
|l Remote Storage
|